00971nam a2200241Ia 4500003000900000008004100009040001600050080001500066110004300081245015500124260006800279300000900347490001600356650004100372650002200413650003900435650002200474650003300496710005600529942000700585999001500592952012200607IN-BaIIA211028s9999 xx 000 0 eng d cIIA Library a523.4bREP aJet propulsion laboratory (U.S.)94956 0aReport from marsbMariner IV 1964-1965cJet propulsion laboratory (U.S.) and National aeronautics and space administration  aWashingtonbNational Aeronautics and Space Administrationc1966 a45p. aNASA EP; 39 aAstronomy and astrophysics thesaurus aMars probes94957 aMars probes -- United States94958 aPlanet Mars91263 aProject Mariner (U.S.)94959 aNational aeronautics and space administration94960 cBK c2771d2771 00104070aBANbBANcGENd1967-03-30g3.75l0o523.4/ REPp3089r2021-11-05v3.75w1967-03-30yBKGRs. 3.75